书目信息 |
| 题名: |
随心所欲飙英语
|
|
| 作者: | 沈 编著 ;陈怡芬 译 | |
| 分册: | ||
| 出版信息: | 上海 华东理工大学出版社 2008.01 |
|
| 页数: | 210页 | |
| 开本: | 21cm | |
| 丛书名: | ||
| 单 册: | ||
| 中图分类: | H319.9 | |
| 科图分类: | ||
| 主题词: | 英语--ying yu--口语 | |
| 电子资源: | ||
| ISBN: | 978-7-5628-2113-7 | |
| 000 | 00908nam0 2200253 450 | |
| 001 | 367906 | |
| 005 | 20080827164249.23 | |
| 010 | @a978-7-5628-2113-7@dCNY18.00 | |
| 010 | @a978-7-88864-081-8@b光盘 | |
| 016 | @aCN-R32-07-0031-0@b光盘 | |
| 100 | @a20080408d2008 em y0chiy0121 ea | |
| 101 | 0 | @achi@ceng |
| 102 | @aCN@b310000 | |
| 105 | @ay z 000yy | |
| 200 | 1 | @a随心所欲飙英语@Asui xin suo yu biao ying yu@f沈·玛蒂 (Matty Shen)编著@g陈怡芬译 |
| 210 | @a上海@c华东理工大学出版社@d2008.01 | |
| 215 | @a210页@d21cm | |
| 330 | @a为了帮助读者培养扎实的英语会话实力,作者精心搜罗美国人日常生活中最常谈论的话题共35个,如爱情与约会、美容、容貌、服饰等,每个主题包含4个对话,全部围绕同一个话题来进行会话等。 | |
| 606 | 0 | @a英语@Aying yu@c口语 |
| 690 | @aH319.9@v4 | |
| 701 | 1 | @a沈@bM.@g(Shen, Matty)@4编著 |
| 702 | 0 | @a陈怡芬@Achen yi fen@4译 |
| 801 | 0 | @aCN@c20080827 |
| 905 | @aZUCC@dH319.9@eS400 | |
| 随心所欲飙英语/沈·玛蒂 (Matty Shen)编著/陈怡芬译.-上海:华东理工大学出版社,2008.01 |
| 210页;21cm |
| ISBN 978-7-5628-2113-7:CNY18.00 |
| 为了帮助读者培养扎实的英语会话实力,作者精心搜罗美国人日常生活中最常谈论的话题共35个,如爱情与约会、美容、容貌、服饰等,每个主题包含4个对话,全部围绕同一个话题来进行会话等。 |
| ● |
| 相关链接 |
|
|
|
正题名:随心所欲飙英语
索取号:H319.9/S400
 
预约/预借
| 序号 | 登录号 | 条形码 | 馆藏地/架位号 | 状态 | 备注 |
| 1 | 676320 | 206763206 | 语言库209/209语言库 107排1列1层/ [索取号:H319.9/S400] | 在馆 | |
| 2 | 676321 | 206763215 | 语言库209/209语言库 107排1列1层/ [索取号:H319.9/S400] | 在馆 | |
| 3 | 676322 | 206763224 | 语言库209/209语言库 107排1列1层/ [索取号:H319.9/S400] | 在馆 |